[Event "Tri-State M (ID, WY, MT)"]
[Site "Jackson, WY"]
[Date "2004.10.23"]
[Round "1.1"]
[White "Cohen, Jesse R"]
[Black "Morrow, Hans M"]
[Result "1/2-1/2"]
[WhiteElo "2100"]
[BlackElo "2000"]

1. e4 c5 2. f4 Nc6 3. Nf3 d6 4. Bb5 a6 5. Bxc6+ bxc6 6. O-O g6 7. Nc3 Bg7 8.
d3 Nf6 9. e5 Nd5 10. exd6 Nxc3 11. bxc3 Bxc3 12. dxe7 Qxe7 13. Rb1 O-O 14. Bd2
Bf6 15. Re1 Qd6 16. Ng5 Bd4+ 17. Kh1 Bf5 18. Qf3 h6 19. Ne4 Qd5 20. c4 Qd7 21.
h3 Rab8 22. Ng3 Bg7 23. Nxf5 Qxf5 24. g4 Qd7 25. f5 Rfd8 26. Rxb8 Rxb8 27. f6
Bf8 28. Bc3 Rd8 29. Re3 Bd6 30. Kg2 Re8 31. Rxe8+ Qxe8 32. Qe4 Qe6 33. Kf3 Bh2
34. h4 Bc7 35. Qxe6 fxe6 36. g5 h5 37. Be1 Kf7 38. Bf2 Bd6 39. Bg3 e5 40. Ke4
Ke6 41. a4 Bc7 42. f7 Kxf7 43. Bxe5 Ba5 44. Bg3 Ke6 45. Bf2 Bb4 46. Bg3 Bc3
{#d} 1/2-1/2

[Event "SIO"]
[Site "Jackpot, NV"]
[Date "2006.11.04"]
[Round "1.1"]
[White "Cohen, Richard W"]
[Black "Reynolds, Garrett"]
[Result "0-1"]
[WhiteElo "1519"]
[BlackElo "1923"]

1. e4 e5 2. Bc4 Nf6 3. Nc3 Nxe4 4. Qh5 Nd6 5. Qxe5+ Qe7 6. Qxe7+ Bxe7 7. Bb3
c6 8. d3 Nf5 9. Nf3 d5 10. d4 Bf6 11. Ne5 Nxd4 12. f4 Bxe5 13. fxe5 Bf5 14.
Kd1 Bg4+ 15. Kd2 Nd7 16. Re1 O-O 17. Kd3 Ne6 18. g3 Bf5+ 19. Kd2 Nd4 20. Kd1
Bg4+ 21. Ne2 Bxe2+ 22. Rxe2 Nxe2 23. Kxe2 Nxe5 24. Bf4 Rfe8 25. Kf2 Re6 26. h3
Rae8 27. Rf1 Nd7 28. a4 Nc5 29. a5 Nxb3 30. cxb3 Re2+ 31. Kf3 Rxb2 32. a6
Rxb3+ 33. Kg4 b6 34. Ra1 Re4 35. h4 Rbb4 36. Kh3 Ra4 37. Rc1 c5 38. Rd1 d4 39.
Kg4 Rxa6 40. Kf5 Rxf4+ 41. gxf4 Ra3 42. Ke5 Re3+ 43. Kd5 d3 44. Ra1 d2 45. Rd1
Re2 46. f5 h5 47. Kc4 Re4+ 48. Kc3 Rd4 49. Kb3 f6 50. Kc3 a5 51. Kc2 b5 52.
Kc3 a4 53. Kc2 b4 54. Rxd2 b3+ 55. Kc3 Rxd2 56. Kxd2 b2 {#R} 0-1

[Event "SIO"]
[Site "Jackpot, NV"]
[Date "2006.11.04"]
[Round "3.3"]
[White "Shouse, Donald L"]
[Black "Cohen, Richard W"]
[Result "0-1"]
[WhiteElo "1211"]
[BlackElo "1519"]

1. d4 e5 2. dxe5 Nc6 3. Bf4 Qe7 4. Qd2 Nxe5 5. e3 Nf6 6. Be2 Ne4 7. Qd4 Ng6 8.
Bxc7 Qb4+ 9. Qxb4 Bxb4+ 10. c3 Bc5 11. Bd3 f5 12. Nf3 d6 13. Ba5 b6 14. Bb4 a5
15. Bxc5 Nxc5 16. Bb5+ Bd7 17. Bc4 Ne5 18. Bd5 O-O-O 19. Nxe5 dxe5 20. O-O Nd3
21. b3 b5 22. Na3 Kc7 23. Nc2 e4 24. b4 a4 25. Nd4 Kd6 26. Bf7 g6 27. a3 Rhf8
28. Ba2 Rc8 29. Ne2 Ke5 30. Bb1 Rfd8 31. Ba2 Be8 32. Rfd1 f4 33. exf4+ Nxf4
34. Nxf4 Kxf4 35. g3+ Kg5 36. h4+ Kf6 37. Rxd8 Rxd8 38. Kg2 Bc6 39. Rc1 Rd2
40. Bb1 e3+ 41. Kh2 Rxf2+ 42. Kg1 Rg2+ 43. Kf1 Rxg3 44. Ke2 Bd5 45. Rf1+ Ke5
46. Bd3 Bc6 47. h5 Bd7 48. hxg6 hxg6 49. Rf7 Bg4+ 50. Kf1 Ke6 51. Rf4 Bh3+ 52.
Ke2 Bg4+ 53. Kf1 e2+ 54. Bxe2 Bxe2+ 55. Kxe2 Rxc3 56. Re4+ Kf5 57. Re8 Rxa3
58. Rb8 Ra2+ 59. Kd3 Ra3+ 60. Kd4 Rb3 61. Rxb5+ Kg4 62. Kc4 Rb1 63. Kc3 Rb3+
64. Kc2 Kf4 65. Rb6 g5 66. Rf6+ Ke5 67. Rb6 g4 68. Rb8 g3 69. b5 Kd6 70. b6
Kc6 71. b7 Rxb7 72. Ra8 Rb4 73. Ra7 Kc5 74. Ra6 Kb5 75. Rg6 Rb3 76. Rg5+ Kb4
77. Rg4+ Ka3 78. Kc1 Rc3+ 79. Kd2 Kb3 80. Rg5 Kb2 81. Rb5+ Rb3 82. Ra5 a3 {#R}
0-1

[Event "SIO"]
[Site "Jackpot, NV"]
[Date "2006.11.05"]
[Round "4.3"]
[White "Nahlen, Julie M"]
[Black "Cohen, Richard W"]
[Result "0-1"]
[WhiteElo "784"]
[BlackElo "1519"]

1. e4 c5 2. Nf3 d6 3. Nc3 e6 4. Bd3 Nc6 5. O-O Be7 6. Bb5 Bd7 7. d3 a6 8. Ba4
b5 9. Bb3 Nd4 10. Nxd4 cxd4 11. Ne2 Qb6 12. c3 e5 13. Bxf7+ Kxf7 14. Ng3 Nf6
15. Qf3 Bg4 16. Qxf6+ Bxf6 17. h3 Bd7 18. Nh5 h6 19. g4 g6 20. Ng3 h5 21. g5
h4 22. Kh2 hxg3+ 23. fxg3 Bxh3 24. Rxf6+ Ke7 25. Bd2 Bf1+ 26. Kg1 Bxd3 27. Kg2
Bxe4+ 28. Kf1 Rh1+ 29. Ke2 Rxa1 30. Be1 Rh8 31. Bf2 Rxa2 32. Kf1 Rh1+ 33. Bg1
Ra1+ 34. Ke2 d3+ 35. Kd2 Rhxg1 36. c4 Rg2+ 37. Kc3 bxc4 {#R} 0-1

[Event "SIO"]
[Site "Jackpot, NV"]
[Date "2006.11.05"]
[Round "5.4"]
[White "Cohen, Richard W"]
[Black "Nahlen, John P"]
[Result "1/2-1/2"]
[WhiteElo "1519"]
[BlackElo "1368"]

1. e4 e5 2. Nf3 Nc6 3. d4 exd4 4. Nxd4 Bc5 5. c3 Nf6 6. Nxc6 bxc6 7. Nd2 O-O
8. Bd3 d5 9. O-O Bg4 10. Qc2 Re8 11. a4 Qd7 12. b4 Bd6 13. f3 Bh5 14. Bb2 Bg6
15. Rae1 Bf4 16. Bc1 Re5 17. Nc4 Bxh2+ 18. Kxh2 Rh5+ 19. Kg1 dxc4 20. Bxc4 Re8
21. Kf2 Qd6 22. Rh1 Rh2 23. Qd2 Qe5 24. Rxh2 Qxh2 25. Qf4 Qh5 26. Qg5 Nd7 27.
Qxh5 Bxh5 28. f4 Kf8 29. e5 Bg4 30. Be3 Nb6 31. Bb3 Be6 32. Bc5+ Kg8 33. Bc2
a6 34. g3 g6 35. Rc1 Rd8 36. Rd1 Rd5 37. Bb3 Nc4 38. Rxd5 cxd5 39. b5 axb5 40.
Bxc4 bxc4 41. Be7 Kg7 42. Ke3 f6 43. Bxf6+ Kf7 44. Kd4 Ke8 45. a5 Kd7 46. a6
Kc6 47. a7 Kb7 48. Bd8 c6 49. Kc5 Kxa7 50. Kxc6 Ka6 51. Kc5 Bf7 52. Be7 Ka5
53. Kd4 Kb5 54. Bc5 h5 55. Ba3 Kc6 56. Bc1 Kd7 57. Ke3 Ke6 58. Kf3 Kf5 59. Be3
Be8 60. Bd4 Bc6 61. Kg2 h4 62. Kh3 hxg3 63. Kxg3 g5 64. fxg5 Kxg5 65. Kf3 Kf5
66. Ke3 Ba8 67. Kd2 Bc6 68. Kc2 Be8 69. Kb2 Bh5 70. Ka3 Bf3 71. Kb4 Ke6 72.
Kc5 Be4 {#d} 1/2-1/2

[Event "ICA Sumr Classic"]
[Site "Twin Falls, ID"]
[Date "2007.07.14"]
[Round "1.8"]
[White "Cohen, Richard W"]
[Black "Viveros SE, Christopher Juan"]
[Result "1-0"]
[WhiteElo "1523"]
[BlackElo "838"]

1. d4 d5 2. Nf3 Nc6 3. e3 e6 4. c3 a6 5. Bd3 Nf6 6. Nbd2 Bd6 7. c4 e5 8. cxd5
Nxd5 9. Ne4 Qe7 10. Nxd6+ cxd6 11. dxe5 Nxe5 12. Be4 Nxf3+ 13. Qxf3 Nb4 14.
Bb1 O-O 15. a3 Nc6 16. O-O Rd8 17. Qe4 g6 18. Bd2 Be6 19. Bc3 d5 20. Qf3 Rd7
21. Bf6 Qd6 22. Bc3 f5 23. Ba2 d4 24. Bxe6+ Qxe6 25. exd4 Nxd4 26. Bxd4 Rxd4
27. Qxb7 Rad8 28. Rae1 Re4 29. Rxe4 Qxe4 30. Qxa6 Qc2 31. Qe6+ Kg7 32. Qe7+
Kh6 33. Qxd8 Qxb2 34. Qf8+ Kh5 35. Qe7 Kh6 36. Qf8+ Kg5 37. Qd6 Kh6 38. Rd1
Qc3 39. Qd2+ Qxd2 40. Rxd2 Kg5 41. a4 {#r} 1-0

[Event "ICA Sumr Classic"]
[Site "Twin Falls, ID"]
[Date "2007.07.14"]
[Round "3.3"]
[White "Cohen, Richard W"]
[Black "Pinedo, Javier A"]
[Result "1-0"]
[WhiteElo "1523"]
[BlackElo "1803"]

1. Nf3 f5 2. Nc3 Nf6 3. d3 e6 4. e4 fxe4 5. dxe4 Bb4 6. Bd3 d6 7. Bd2 Nc6 8.
a3 Ba5 9. b4 Bb6 10. Na4 e5 11. Nxb6 axb6 12. c3 O-O 13. O-O Qe8 14. Kh1 Qh5
15. Ng5 Ng4 16. Nh3 Ne7 17. Bc4+ Kh8 18. f3 Nf6 19. Ng5 b5 20. Be6 h6 21. g4
Qg6 22. Bxc8 Rfxc8 23. Nh3 Nh7 24. a4 bxa4 25. Rxa4 d5 26. Qa1 Rab8 27. Qb1
Qc6 28. b5 Qd7 29. Rd1 h5 30. Nf2 hxg4 31. Nxg4 Ng6 32. exd5 Qxd5 33. Re4 Rd8
34. c4 Qf7 35. Qb3 Rd7 36. Be1 Re7 37. Rd5 Ng5 38. Re3 e4 39. Rxg5 exf3 40.
Rxe7 Qxe7 41. Rh5+ Kg8 42. c5+ Qf7 43. Qxf7+ Kxf7 44. Ne5+ Nxe5 45. Rxe5 Kg6
46. Kg1 c6 47. b6 Ra8 48. Bc3 Ra3 49. Re3 Kf5 50. Rxf3+ Ke4 51. Kg2 g5 52. Rg3
Kf5 53. Bh8 Ra2+ 54. Kh1 Rc2 55. Rc3 Rd2 56. Rc1 Kg4 57. Be5 Kf5 58. Bd6 g4
59. Kg1 Ke4 60. Kf1 Kd3 61. Bf4 Ra2 62. Rd1+ Ke4 63. Bg3 Rc2 64. Bd6 Kf3 65.
Kg1 Rg2+ 66. Kh1 Rc2 67. Ra1 Rd2 68. Be5 Ke4 69. Re1+ Kf3 70. Rg1 Rc2 71. Bd6
Rc4 72. Bf8 Kf2 73. Bd6 Kf3 74. Ra1 Kf2 75. Ra2+ Kf3 76. Ra1 Kf2 77. Bg3+ Kf3
78. Rf1+ Ke3 79. Bd6 Ke2 80. Rf4 Rc2 81. Rxg4 Kf3 82. Rg1 Rd2 83. Rg3+ Ke4 84.
h4 Kf5 85. h5 Rd4 86. Be7 Ke6 87. Re3+ Kf7 88. h6 Kg6 89. Rh3 Kh7 90. Bf8 Rc4
91. Rf3 Re4 { (Black resigned a few moves later. The remaining moves on the
two score sheets cannot be reconciled.)} {#r} 1-0

[Event "ICA Sumr Classic"]
[Site "Twin Falls, ID"]
[Date "2007.07.15"]
[Round "4.3"]
[White "Zumbrunnen, Randy D"]
[Black "Cohen, Richard W"]
[Result "1-0"]
[WhiteElo "2008"]
[BlackElo "1523"]

1. e4 e5 2. Nf3 Nf6 3. Nc3 Nc6 4. g3 a6 5. Bg2 Bc5 6. O-O O-O 7. Nxe5 Nd4 8.
Nf3 d6 9. h3 c6 10. d3 Bd7 11. Be3 Nxf3+ 12. Qxf3 Bb4 13. a3 Ba5 14. b4 Bc7
15. Bg5 h6 16. Bxf6 Qxf6 17. Qxf6 gxf6 18. g4 Kg7 19. Ne2 Rh8 20. Ng3 Rad8 21.
d4 Kf8 22. f4 Ke7 23. Kh1 Rdg8 24. c4 Be8 25. c5 Kd7 26. d5 Bd8 27. Rfd1 Be7
28. dxc6+ bxc6 29. cxd6 Bd8 30. Rac1 Bb6 31. Nh5 Ke6 32. f5+ Ke5 33. d7 Bxd7
34. Rxd7 Re8 35. Rxc6 Bf2 36. Rd5# 1-0

[Event "ICA Sumr Classic"]
[Site "Twin Falls, ID"]
[Date "2007.07.15"]
[Round "5.5"]
[White "Seiniger, Sam"]
[Black "Cohen, Richard W"]
[Result "1-0"]
[WhiteElo "1458"]
[BlackElo "1523"]

1. e4 e5 2. Nf3 Nc6 3. d4 exd4 4. Bc4 Qe7 5. O-O Ne5 6. Bb3 c5 7. Re1 a6 8.
Nxe5 Qxe5 9. Qf3 Qf6 10. Qg3 Ne7 11. Bd5 h6 12. Qc7 Ra7 13. Qxc5 Nc6 14. Qc4
b5 15. Qd3 Bd6 16. Bxc6 dxc6 17. e5 Bxe5 18. f4 Bf5 19. fxe5 Qg6 20. Qxd4 Rd7
21. Qc3 Bxc2 22. Na3 Be4 23. Qh3 Bf5 24. Qh4 O-O 25. Bf4 Rfd8 26. Qg3 Qh7 27.
Qf3 Qg6 28. Qg3 Qe6 29. Nb1 Rd3 30. Qf2 g5 31. Bg3 Rd1 32. Nc3 R1d2 33. Re2
R2d7 34. Ree1 Rd2 35. Qb6 Qc4 36. Red1 b4 37. Qxd8+ Rxd8 38. Rxd8+ Kg7 39. Na4
Be4 40. Rd2 a5 41. b3 Qb5 42. Re1 Bd5 43. Rc1 h5 44. Bf2 Qb8 45. Bd4 Kh6 46.
Nb6 Qe8 47. Nxd5 cxd5 48. Rc5 a4 49. Rxd5 axb3 50. axb3 Qa8 51. Rb5 Qe4 52.
Rd1 Qc2 53. Rf1 Qxb3 54. Rb6+ Kh7 55. Bc5 Qc4 {(The remaining moves cannot be
reconstructed.)} {#r} 1-0

[Event "Tri-State M (ID, WY, MT)"]
[Site "Jackson, WY"]
[Date "2008.05.03"]
[Round "1.3"]
[White "Watts, Victor G"]
[Black "Cohen, Richard W"]
[Result "1-0"]
[WhiteElo "1672"]
[BlackElo "1535"]

1. d4 e5 2. dxe5 Nc6 3. Nf3 Qe7 4. Qd5 Nb4 5. Qb3 c6 6. a3 Na6 7. Bg5 f6 8.
Bh4 Nc5 9. Qe3 d5 10. Nbd2 g5 11. Bg3 h6 12. Nd4 f5 13. f4 Nf6 14. N4b3 Nfe4
15. O-O-O Nxg3 16. hxg3 g4 17. Qd4 Ne6 18. Qf2 b6 19. e3 Bb7 20. Bd3 Ng7 21.
Nd4 Qc5 22. N2b3 Qe7 23. Nxf5 Nxf5 24. Bxf5 Bc8 25. Bg6+ Kd8 26. Nd4 Kc7 27.
Qe1 a5 28. e4 Rg8 29. Bf5 Bd7 30. exd5 cxd5 31. Bxd7 Qxd7 32. e6 Qa4 33. e7
Bg7 34. Ne6+ Kb7 35. Nxg7 Rxg7 36. Qe5 Rag8 37. Qxd5+ Ka6 38. Qd3+ Qb5 39.
Qxb5+ Kxb5 40. Rd8 Kc6 41. e8=Q+ {#r} 1-0

[Event "Tri-State M (ID, WY, MT)"]
[Site "Jackson, WY"]
[Date "2008.05.03"]
[Round "3.3"]
[White "McLaughlin, Edward J"]
[Black "Cohen, Richard W"]
[Result "1-0"]
[WhiteElo "1711"]
[BlackElo "1535"]

1. d4 e5 2. c3 exd4 3. cxd4 d5 4. Nf3 Nc6 5. a3 Nf6 6. Bg5 Be7 7. e3 h6 8. Bh4
g5 9. Bg3 O-O 10. Bd3 Ne4 11. Nbd2 f5 12. Qb3 Na5 13. Qc2 b6 14. b4 Nb7 15.
Bxc7 Qe8 16. Qb3 Qc6 17. Bg3 Qc3 18. Qxd5+ Kh7 19. Ke2 Nxg3+ 20. hxg3 Qc7 21.
Rac1 Qd8 22. Qxd8 Bxd8 23. Rc6 Bc7 24. Rcxh6+ Kg7 25. Rh7+ {#r} 1-0

[Event "Tri-State M (ID, WY, MT)"]
[Site "Jackson, WY"]
[Date "2008.05.04"]
[Round "4.3"]
[White "Cohen, Richard W"]
[Black "Watts, Victor G"]
[Result "0-1"]
[WhiteElo "1535"]
[BlackElo "1672"]

1. e4 b6 2. d4 Bb7 3. Nc3 e6 4. Bd3 Bb4 5. Bd2 Nf6 6. Qe2 O-O 7. a3 Bxc3 8.
Bxc3 d5 9. f3 c5 10. b3 Nc6 11. Bb2 cxd4 12. e5 Nd7 13. f4 Nc5 14. Nf3 Nxd3+
15. cxd3 b5 16. h4 Qd7 17. Kf2 f6 18. g3 Rae8 19. Kg2 h5 20. Nxd4 Nxd4 21.
Bxd4 fxe5 22. fxe5 Rf5 23. Kh3 Ref8 24. Rhf1 Qf7 25. Kg2 Qg6 26. Rxf5 Rxf5 27.
Rc1 Qf7 28. Kh3 a6 29. Bb6 Rf3 30. Rc7 Qf5+ 31. Kh2 d4 32. Rxb7 Rf2+ 33. Qxf2
Qxf2+ 34. Kh3 Qf1+ 35. Kh2 Qe2+ 36. Kg1 Qxd3 37. Rb8+ Kh7 38. Kg2 Qxb3 39.
Bxd4 Qd5+ 40. Kf1 Qxd4 41. Ra8 Qc4+ 42. Kg1 Qc5+ 43. Kf1 Qxa3 44. Ra7 Qf3+
{#R} 0-1

[Event "Tri-State M (ID, WY, MT)"]
[Site "Jackson, WY"]
[Date "2008.05.04"]
[Round "6.3"]
[White "Cohen, Richard W"]
[Black "Skovron, James J"]
[Result "0-1"]
[WhiteElo "1535"]
[BlackElo "1784"]

1. e4 e5 2. Nf3 Nc6 3. d4 exd4 4. Nxd4 Nxd4 5. Qxd4 Ne7 6. c3 Nc6 7. Qd1 d6 8.
Be2 Be7 9. Be3 Be6 10. O-O O-O 11. f4 f5 12. Bd3 Qd7 13. Qc2 fxe4 14. Bxe4 Bf5
15. Nd2 d5 16. Bxf5 Qxf5 17. Qxf5 Rxf5 18. g4 Rf7 19. Kg2 Bd6 20. Rae1 Raf8
21. Nb3 Bxf4 22. Bxf4 Rxf4 23. Rxf4 Rxf4 24. h3 Kf7 25. Re2 b6 26. Nc1 Rf6 27.
Nd3 Re6 28. Rd2 Ne7 29. Rf2+ Rf6 30. Ne5+ Ke6 31. Re2 Kd6 32. a4 a5 33. b3 Ng6
34. Nd3 Nf4+ 35. Nxf4 Rxf4 36. Re8 Rf7 37. Rd8+ Rd7 38. Rf8 Kc5 39. Rf5 Kc6
40. Kf3 d4 41. cxd4 Rxd4 42. Ke3 Rb4 43. Rf7 Rxb3+ 44. Kf4 Rxh3 45. Rxg7 Ra3
46. Rxh7 Rxa4+ 47. Kf5 Ra1 48. Rh6+ Kd5 49. Rh7 Rf1+ 50. Kg6 c6 51. Rd7+ Ke6
52. Rc7 Kd6 53. Rf7 Rxf7 54. Kxf7 a4 55. g5 a3 56. g6 a2 57. g7 a1=Q {#R} 0-1

[Event "WRW Swiss"]
[Site "Hailey, ID"]
[Date "2009.10.10"]
[Round "1.5"]
[White "Cohen, Richard W"]
[Black "Bruess, Shane Anthony"]
[Result "1-0"]
[WhiteElo "1500"]
[BlackElo "863"]

1. d4 d5 2. Nf3 Nc6 3. e3 f6 4. c3 Bg4 5. Nbd2 e5 6. Be2 Bxf3 7. Nxf3 e4 8.
Nd2 f5 9. Qa4 a6 10. c4 Bb4 11. c5 Nge7 12. a3 b5 13. Qd1 Bxd2+ 14. Bxd2 O-O
15. O-O Ng6 16. g3 a5 17. Bxb5 Rf6 18. b4 axb4 19. axb4 Rxa1 20. Qxa1 Qb8 21.
Qa4 Qe8 22. Ra1 h5 23. Qa8 Qxa8 24. Rxa8+ Rf8 25. Bxc6 Rxa8 26. Bxa8 h4 27.
Bxd5+ Kf8 28. Kg2 hxg3 29. hxg3 Ne7 30. Bc4 c6 31. b5 cxb5 32. Bxb5 Nd5 33.
Bc4 {#r} 1-0

[Event "WRW Swiss"]
[Site "Hailey, ID"]
[Date "2009.10.10"]
[Round "2.1"]
[White "Reynolds, Garrett"]
[Black "Cohen, Richard W"]
[Result "1-0"]
[WhiteElo "1924"]
[BlackElo "1500"]

1. e4 c5 2. Nf3 d6 3. d4 cxd4 4. Qxd4 Qa5+ 5. Nc3 a6 6. Bd2 Nc6 7. Qe3 Nf6 8.
Bc4 Qc5 9. Qxc5 dxc5 10. e5 b5 11. Bxb5 axb5 12. exf6 Rb8 13. fxe7 Bxe7 14.
Nd5 Bd6 15. O-O O-O 16. Bf4 Bxf4 17. Nxf4 Bf5 18. Rfe1 Rfe8 19. c3 Rbd8 20.
Rxe8+ Rxe8 21. Re1 Kf8 22. Rxe8+ Kxe8 23. Kf1 f6 24. Ke2 Kd7 25. Nh5 Bg6 26.
Nxg7 Ke7 27. Nh4 b4 28. Ngf5+ Ke6 29. Nxg6 hxg6 30. Nh4 g5 31. Nf3 g4 32. Ne1
bxc3 33. bxc3 Kd5 34. Nc2 Ne5 35. Ne3+ Ke6 36. a4 f5 37. a5 f4 38. Nxg4 Nc4
39. a6 Kd5 40. a7 Nb6 41. h4 Kc6 42. h5 Kb7 43. h6 Nd7 44. h7 {#r} 1-0

[Event "WRW Swiss"]
[Site "Hailey, ID"]
[Date "2009.10.11"]
[Round "3.4"]
[White "Cohen, Richard W"]
[Black "Jaramillo, Tyler"]
[Result "1-0"]
[WhiteElo "1500"]
[BlackElo "952"]

1. d4 g6 2. Nf3 d5 3. e3 Bg7 4. c3 Nc6 5. Bb5 Bd7 6. Nbd2 e5 7. dxe5 Nxe5 8.
Be2 a6 9. Nxe5 Bxe5 10. O-O Bb5 11. c4 dxc4 12. Nxc4 Qh4 13. g3 Qe4 14. Nxe5
Qxe5 15. f4 Qg7 16. Bxb5+ axb5 17. Qd3 c6 18. Rd1 Qf6 19. Qd7+ Kf8 20. Qxb7
Rd8 21. Rd7 Rxd7 22. Qxd7 Ne7 23. e4 h5 24. e5 Qg7 25. Qd8# 1-0

[Event "WRW Swiss"]
[Site "Hailey, ID"]
[Date "2009.10.11"]
[Round "4.2"]
[White "Cohen, Richard W"]
[Black "Roland, Jeffrey T"]
[Result "0-1"]
[WhiteElo "1500"]
[BlackElo "1782"]

1. Nf3 Nf6 2. c4 g6 3. Nc3 Bg7 4. d4 d5 5. c5 c6 6. e3 O-O 7. Bd3 Bg4 8. h3
Bxf3 9. Qxf3 Nbd7 10. O-O e5 11. Bc2 Re8 12. Qd1 b6 13. b4 bxc5 14. bxc5 exd4
15. exd4 Qc7 16. Qf3 Nh5 17. g4 Nhf6 18. Bf4 Qa5 19. Ba4 Rac8 20. Qd1 Qxc3 21.
Rc1 Qxh3 22. Bg3 Qxg4 23. Qxg4 Nxg4 24. Rcd1 Re6 25. Kg2 Nh6 26. f3 Nf5 27.
Bf2 Re2 28. Kg1 Rxa2 29. Ra1 Rxa1 30. Rxa1 Nxc5 31. Bc2 Nxd4 {#R} 0-1

[Event "SIO"]
[Site "Twin Falls, ID"]
[Date "2009.11.14"]
[Round "1.11"]
[White "Viveros SE, Christopher Juan"]
[Black "Cohen, Richard W"]
[Result "0-1"]
[WhiteElo "816"]
[BlackElo "1500"]

1. e4 c5 2. c4 Nc6 3. Nf3 d6 4. d4 cxd4 5. Nxd4 e6 6. a3 g6 7. b4 Nf6 8. b5
Nxd4 9. Qxd4 Bg7 10. e5 Nh5 11. f4 Qh4+ 12. Qf2 Qxf2+ 13. Kxf2 dxe5 14. Bb2
exf4 15. Bxg7 Nxg7 16. Nc3 f5 17. Re1 Kf7 18. c5 Rd8 19. h4 Rd4 20. Rh3 Nh5
21. Rd3 Rxd3 22. Bxd3 Kf6 23. Be2 Ng7 24. g4 fxg3+ 25. Kxg3 Bd7 26. Rd1 Be8
27. Rd6 Ke7 28. Kf4 Rc8 29. b6 a6 30. Kg5 Rxc5 31. Rd3 Nh5 32. Bf3 Bc6 33.
Bxh5 gxh5 34. Kxh5 Rc4 35. Kg5 Rg4+ 36. Kh6 Rxh4+ 37. Kg7 Rh2 38. Rg3 Rg2 39.
Ne2 h5 40. Kh6 Rxg3 41. Nxg3 h4 42. Nh1 Bxh1 {#R} 0-1

[Event "SIO"]
[Site "Twin Falls, ID"]
[Date "2009.11.14"]
[Round "2.3"]
[White "Cohen, Richard W"]
[Black "Roland, Jeffrey T"]
[Result "0-1"]
[WhiteElo "1500"]
[BlackElo "1794"]

1. Nf3 Nf6 2. c4 g6 3. Qc2 Bg7 4. a3 d5 5. e3 O-O 6. Ra2 dxc4 7. Bxc4 c6 8. b4
b5 9. Bb3 Bf5 10. Qd1 Bxb1 11. Rb2 Bd3 12. Ne5 e6 13. Bc2 Bxc2 14. Rxc2 Qd5
15. Nf3 Ne4 16. O-O Nd7 17. d4 Nb6 18. Nd2 Nxd2 19. Rc5 Qd6 20. Qxd2 Nc4 21.
Qc2 Rac8 22. f4 Rfd8 23. Rf3 f5 24. h4 Bf8 25. Rh3 Qd7 26. Qe2 Bxc5 27. bxc5
Qd5 28. h5 Kg7 29. Qf2 Rh8 30. Qh4 Qd8 31. Qf2 Qf6 32. Qe2 g5 33. Qe1 g4 34.
h6+ Kf7 35. Rh5 Rhg8 36. Kh1 Rg6 37. Rh4 Rxh6 38. g3 Rxh4+ 39. gxh4 h5 40. Kg2
Qd8 41. Kg3 Qd5 42. Qf2 Qe4 43. Qg2 Qb1 44. Bd2 Nxd2 45. Qxd2 Qg1+ 46. Qg2
Qxe3+ { (time)} {#R} 0-1

[Event "SIO"]
[Site "Twin Falls, ID"]
[Date "2009.11.15"]
[Round "3.9"]
[White "Porth, Adam"]
[Black "Cohen, Richard W"]
[Result "0-1"]
[WhiteElo "1191"]
[BlackElo "1500"]

1. d4 e5 2. e3 exd4 3. exd4 d5 4. Nd2 Nf6 5. Ngf3 Bg4 6. Be2 Bd6 7. b3 Bb4 8.
Bb2 Ne4 9. O-O O-O 10. Nxe4 dxe4 11. Ne5 Be6 12. f4 f5 13. a3 Be7 14. c4 c6
15. Bh5 Rf6 16. Nxc6 Nxc6 17. d5 Qb6+ 18. Kh1 Rd8 19. Bxf6 Bxf6 20. Ra2 Bc8
21. Rd2 Na5 22. b4 Nxc4 23. Rff2 e3 24. Rd3 exf2 25. Qe2 g6 26. Bxg6 hxg6 27.
Rf3 Kf7 28. Qxc4 Bd4 29. Rh3 Re8 30. d6+ Be6 31. Rh7+ Kf6 32. Qf1 Qxd6 33. h4
Qxf4 34. Rxb7 Qxh4# 0-1

[Event "SIO"]
[Site "Twin Falls, ID"]
[Date "2009.11.15"]
[Round "4.5"]
[White "Cohen, Richard W"]
[Black "Eacker, Barry D"]
[Result "0-1"]
[WhiteElo "1500"]
[BlackElo "1611"]

1. Nf3 Nf6 2. c4 e6 3. e3 d5 4. d4 Be7 5. c5 c6 6. Ne5 Nbd7 7. f4 Qc7 8. Bd3
b6 9. b4 a5 10. Ba3 axb4 11. Bxb4 bxc5 12. Bc3 c4 13. Bc2 Ba6 14. Nd2 Ba3 15.
O-O Bb5 16. g4 g6 17. h3 Nb6 18. Nb1 Na4 19. Qe1 Nxc3 20. Qxc3 Qa5 21. Qxa5
Rxa5 22. Nxa3 Rxa3 23. g5 Nh5 24. Ng4 Ke7 25. Rf2 Rha8 26. Bd1 Ng3 27. Bf3 Nf5
28. Re2 c3 29. Ree1 Rxa2 30. Rxa2 Rxa2 31. Bh1 c2 32. Nh2 Rb2 33. Nf3 Rb1 {#R}
0-1